[Event "IECG QN.2005.0.00371"]
[Site "IECG email"]
[Date "2005.09.29"]
[Round "?"]
[White "Westbrook, Jonathan"]
[Black "Chen, Gang"]
[Result "0-1"]
[WhiteElo "616"]
[BlackElo "800"]
[PlyCount "64"]
[EventDate "2005.09.29"]
[EventType "tourn (corr)"]
[EventRounds "6"]
[SourceTitle "Corr 2008"]
[Source "ChessBase"]
[SourceDate "2008.06.24"]
[SourceVersion "1"]
[SourceVersionDate "2008.06.24"]
[SourceQuality "1"]

1. e4 e6 2. d4 d5 3. Nc3 Bb4 4. Bd2 Ne7 5. Nf3 Bxc3 6. Bxc3 dxe4 7. Nd2 f5 8. Bc4 0-0 9. 0-0 Nd5 10. a3 Nc6 11. g3 Nb6 12. Bb3 Nxd4 13. Bxd4 Qxd4 14. c3 Qc5 15. Ba2 Qe7 16. Nc4 Nxc4 17. Bxc4 a6 18. b4 Qf6 19. Rc1 b5 20. Bb3 Rd8 21. Qe2 Bb7 22. Rcd1 Bd5 23. Bxd5 exd5 24. f3 Qxc3 25. fxe4 fxe4 26. Ra1 Rf8 27. Rxf8+ Rxf8 28. Qd1 d4 29. Rc1 Qe3+ 30. Kh1 d3 31. Qe1 Qxe1+ 32. Rxe1 d2 0-1